Statistics for Most common names in the Netherlands

Click here to take the quiz!

General Stats

  • This quiz has been taken 80 times
  • The average score is 4 of 19

Answer Stats

HintAnswer% Correct
1Jan
83%
Peter
53%
3Anna
48%
1Maria
45%
Willem
44%
Pieter
33%
10Johannes
17%
2Johanna
14%
Hendrik
12%
Gerrit
8%
2Cornelis
6%
5Elisabeth
5%
6Wilhelmina
5%
Petrus
3%
7Catharina
2%
4Cornelia
2%
8Hendrika
2%
Wilhelmus
2%
9Adriana
0%

Score Distribution

Percentile by Number Answered

Percent of People with Each Score

Your Score History

You have not taken this quiz